EA FC25 Thunderstruck - Statistics

General Stats
  • This quiz has been taken 23 times
  • The average score is 12 of 38
Answer Stats
Rate Nation Club Answer % Correct
92 Belgium Man City Kevin de Bruyne
100%
94 France Real Madrid Kylian Mbappe
100%
91 Uruguay Real Madrid Federico Valverde
94%
91 England Man City Phil Foden
88%
90 England Arsenal Bukayo Saka
81%
92 England Man United Marcus Rashford
81%
90 France Arsenal William Saliba
75%
90 Sweden Sporting Viktor Gyokeres
69%
91 Norway Chelsea Guro Reiten
63%
89 Sweden Newcastle Alexander Isak
56%
89 France Barcelona Jules Kounde
56%
90 Poland Barcelona Ewa Pajor
50%
88 France Bayern Michael Olise
31%
89 Italy Inter Nicolo Barella
25%
86 South Korea Bayern Kim Min Jae
19%
87 Netherlands Milan Tijjani Reijnders
19%
88 Spain Athletic Club Unai Simon
19%
87 England Atletico Madrid Conor Gallagher
13%
85 Brazil Fiorentina Dodo
13%
86 France Frankfurt Hugo Ekitike
13%
85 Norway Dortmund Julian Ryerson
13%
87 France PSG Randal Kolo Muani
13%
87 Germany Leverkusen Robert Andrich
13%
86 Italy Napoli Alessandro Buongiorno
6%
88 England Man City Alex Greenwood
6%
85 Austria Leipzig Christoph Baumgartner
6%
85 Kosovo Lille Edon Zhegrova
6%
86 Brazil Bournemouth Evanilson
6%
85 Spain Real Betis Marc Bartra
6%
86 Serbia Sevilla Nemanja Gudelj
6%
86 Italy Bologna Riccardo Orsolini
6%
88 Ivory Coast Lyon Wilfried Zaha
6%
86 Spain Real Sociedad Brais Mendez
0%
86 Belgium Atalanta Charles de Ketelaere
0%
86 Germany Stuttgart Chris Fuhrich
0%
89 France PSG Sakina Karchaoui
0%
87 Germany Wolfsburg Svenja Huth
0%
86 France Montpellier Teji Savarnier
0%
No matching quizzes found
Score Distribution
Percent of People with Each Score
Percentile by Number Answered
Your Score History
You have not taken this quiz